[Event "ch-PriFO"]
[Site "Kazan RUS"]
[Date "2009.01.25"]
[Round "5"]
[White "Kuznetsov,N"]
[Black "Palachev,P"]
[Result "1-0"]
[WhiteElo "2373"]
[BlackElo "2050"]

1.d4 d5 2.Nf3 Nf6 3.c4 c6 4.Qc2 a6 5.c5 g6 6.Bf4 b6 7.cxb6 Qxb6 8.Nbd2 Nbd7
9.Rc1 Bb7 10.h3 Rc8 11.Nb3 Ne4 12.Nfd2 Nxd2 13.Bxd2 e5 14.dxe5 c5 15.Ba5 Qa7
16.Qc3 d4 17.Qd2 Nxe5 18.e3 Bh6 19.f4 dxe3 20.Qxe3 O-O 21.Bc3 Nc6 22.Be2 Rfe8
23.Qf2 a5 24.Rc2 Ba6 25.g3 Rc7 26.Kd1 Rd8+ 27.Kc1 Nd4 28.Bxa6 Nxb3+ 29.axb3 Qxa6
30.Qe1 Qc6 31.Re2 Ra7 32.Re4 a4 33.bxa4 Rxa4 34.Rxa4 Qxa4 35.Qe5 Qa1+ 36.Kc2 Qa4+
37.b3 Qa2+ 38.Bb2 Rd4 39.Ra1 Rc4+ 40.bxc4 Qxc4+ 41.Bc3 f6 42.Ra8+ Bf8 43.Qe8  1-0

[Event "LIX Verano Open"]
[Site "Villa Ballester ARG"]
[Date "2009.01.27"]
[Round "6"]
[White "Cori T.,D"]
[Black "Real de Azua,E"]
[Result "1/2-1/2"]
[WhiteElo "2256"]
[BlackElo "2445"]

1.d4 Nf6 2.Nf3 d5 3.c4 c6 4.Qc2 dxc4 5.Qxc4 Bf5 6.g3 e6 7.Bg2 Be7 8.O-O Nbd7
9.Nc3 O-O 10.Re1 Ne4 11.Qb3 Qb6 12.Nh4 Bb4 13.g4 Nxf2 14.Kxf2 Qxd4+ 15.Be3 Qxg4
16.Nxf5 exf5 17.Kg1 Bc5 18.Bxc5 Nxc5 19.Qc2 Ne6 20.Rad1 Rad8 21.Kh1 Qb4 22.Rxd8 Rxd8
23.Qxf5 Qxb2 24.Rf1 Rf8 25.Qd3 Qa3 26.Bh3 Qe7 27.Ne4 h6 28.Qg3 Ng5 29.Nxg5 hxg5
30.Bg4 Rd8 31.Qb3 Rd6 32.Qa3 a6 33.Qc5 g6  1/2-1/2

[Event "ch-PriFO"]
[Site "Kazan RUS"]
[Date "2009.01.29"]
[Round "9"]
[White "Kuznetsov,N"]
[Black "Konovalov,Vi"]
[Result "1-0"]
[WhiteElo "2373"]
[BlackElo "2086"]

1.d4 d5 2.Nf3 Nf6 3.c4 c6 4.Qc2 a6 5.c5 g6 6.Nc3 b6 7.cxb6 Qxb6 8.Qa4 Qc7
9.g3 Bf5 10.Qd1 Ne4 11.a3 Nd7 12.Bf4 e5 13.dxe5 Be6 14.Bg2 Bg7 15.O-O O-O
16.Re1 c5 17.Nd2 Nxd2 18.Qxd2 Rac8 19.Bxd5 Bxe5 20.Bxe5 Qxe5 21.Bxe6 fxe6
22.Qxd7  1-0

[Event "7th Gibtelecom Masters"]
[Site "Caleta ENG"]
[Date "2009.02.01"]
[Round "6"]
[White "Roiz,M"]
[Black "Golod,V"]
[Result "1/2-1/2"]
[WhiteElo "2647"]
[BlackElo "2575"]

1.d4 d5 2.c4 c6 3.Nf3 dxc4 4.e3 Be6 5.a4 Nf6 6.Nc3 g6 7.Be2 Bd5 8.O-O Nbd7
9.Qc2 Bxf3 10.Bxf3 Bg7 11.a5 Rc8 12.Qa4 O-O 13.Qxc4 e5 14.Qb3 Qc7 15.Rd1 Rfd8
16.Bd2 exd4 17.exd4 Nf8 18.Be3 Ne6 19.Qc4 Nd5 20.Nxd5 cxd5 21.Qxc7 Rxc7 22.Ra3 Rdd7
23.Rc3 a6 24.Rxc7 Nxc7 25.Kf1 Bf8 26.Bf4 Bb4 27.Bxc7 Rxc7 28.Bxd5 Bxa5 29.b3 Bb4
30.g3 Kf8 31.Be4  1/2-1/2

[Event "7th Gibtelecom Masters"]
[Site "Caleta ENG"]
[Date "2009.02.02"]
[Round "7"]
[White "Gurevich,M"]
[Black "Hauchard,A"]
[Result "1/2-1/2"]
[WhiteElo "2624"]
[BlackElo "2497"]

1.d4 d5 2.c4 c6 3.Nf3 Nf6 4.Nbd2 Bf5 5.Nh4 Be4 6.e3 e6 7.Qb3 Qb6 8.c5 Qc7
9.f3 Bg6 10.Qc3 Nbd7 11.b4 Be7 12.Nxg6 hxg6 13.g3 Nh5 14.Rg1 e5 15.Bb2 exd4
16.exd4 O-O 17.Kf2 Rfe8 18.Bd3 Nf8 19.Rge1 Bh4 20.Re5 Bf6 21.f4 Bxe5 22.dxe5 a5
23.b5 b6 24.a4 Ne6 25.bxc6 Nxc5 26.Bb5 Re6 27.Ba3 Rxc6 28.Bxc6 Qxc6 29.Bxc5 bxc5
30.Rb1 Qxa4 31.Qxc5 Qd7  1/2-1/2

[Event "TCh-NED 2008-9"]
[Site "Netherlands NED"]
[Date "2009.02.07"]
[Round "5"]
[White "Landa,K"]
[Black "Cuijpers,F"]
[Result "1-0"]
[WhiteElo "2615"]
[BlackElo "2497"]

1.Nf3 d5 2.d4 Nf6 3.c4 c6 4.Qb3 dxc4 5.Qxc4 Bf5 6.g3 e6 7.Bg2 Nbd7 8.O-O Be7
9.Nc3 O-O 10.Re1 Ne4 11.Qb3 Qb6 12.Nh4 Bxh4 13.gxh4 Nef6 14.Qxb6 axb6 15.Bf4 Rfe8
16.e4 Bg6 17.a4 e5 18.dxe5 Nxe5 19.Rad1 h6 20.f3 Nfd7 21.Bxe5 Nxe5 22.f4 Nc4
23.b3 Na5 24.b4 Nc4 25.Rd7 Nb2 26.Rxb7 Nxa4 27.Nxa4 Rxa4 28.Rxb6 Rd8 29.f5 Bh5
30.e5 Rd4 31.e6 fxe6 32.Rb8+ Kh7 33.fxe6 Raxb4 34.Rf8 Rxh4 35.e7 g5 36.Bf3 g4
37.Bxc6 Kg7 38.Ref1 Rb2 39.R1f7+  1-0

[Event "TCh-NED 2008-9"]
[Site "Netherlands NED"]
[Date "2009.02.07"]
[Round "5"]
[White "Polaczek,R"]
[Black "Van der Poel,H"]
[Result "1-0"]
[WhiteElo "2429"]
[BlackElo "2296"]

1.d4 d5 2.Nf3 Nf6 3.c4 c6 4.Qc2 dxc4 5.Qxc4 Bf5 6.Nc3 e6 7.g3 Be7 8.Bg2 O-O
9.O-O Nbd7 10.Re1 Ne4 11.Qb3 Qb6 12.Nh4 Qxb3 13.axb3 Bxh4 14.gxh4 Ndf6 15.f3 Nxc3
16.bxc3 Bc2 17.Ra3 a5 18.Bd2 a4 19.Rxa4 Rxa4 20.bxa4 Bxa4 21.Ra1 b5 22.e4 Nd7
23.Bf1 e5 24.Kf2 f5 25.Bh3 exd4 26.cxd4 g6 27.Rc1 c5 28.dxc5 Ne5 29.Kg3 fxe4
30.c6 Rxf3+ 31.Kg2 Nxc6 32.Rxc6 Bb3 33.Bh6 Kf7 34.Rc7+ Ke8 35.Rg7 Bc4 36.Bd7+  1-0

[Event "Open A"]
[Site "Moscow RUS"]
[Date "2009.02.08"]
[Round "9"]
[White "Lushenkov,M"]
[Black "Deviatkin,A"]
[Result "1/2-1/2"]
[WhiteElo "2462"]
[BlackElo "2566"]

1.d4 d5 2.c4 c6 3.Nf3 Nf6 4.Qb3 dxc4 5.Qxc4 Bf5 6.Nc3 Nbd7 7.g3 e6 8.Bg2 Be7
9.O-O O-O 10.Re1 Bg6 11.e4 b5 12.Qxc6 b4 13.e5 Rc8 14.Qa6 bxc3 15.exf6 Nxf6
16.bxc3 Rxc3 17.Ne5 Qb6 18.Qxb6 axb6 19.d5 Bf5 20.dxe6 Bxe6 21.Be3 Bc5 22.Bxc5  1/2-1/2

[Event "ch-CZE"]
[Site "Decin CZE"]
[Date "2009.02.14"]
[Round "5"]
[White "Konopka,M"]
[Black "Polak,T"]
[Result "1/2-1/2"]
[WhiteElo "2445"]
[BlackElo "2553"]

1.d4 d5 2.c4 c6 3.Nf3 Nf6 4.Qc2 g6 5.Bf4 Bf5 6.Qb3 Qb6 7.e3 Nbd7 8.Nc3 Bg7
9.Be2 O-O 10.O-O Qxb3 11.axb3 h6 12.h3 a6 13.g4 Be6 14.c5 Ne4 15.Ra4 g5 16.Bh2 f5
17.Nxe4 fxe4 18.Nd2  1/2-1/2

[Event "ch-VIE Stage1"]
[Site "Ha Noi VIE"]
[Date "2009.02.15"]
[Round "1"]
[White "Tu Hoang Thong"]
[Black "Le Huu Thai"]
[Result "1-0"]
[WhiteElo "2506"]
[BlackElo "1900"]

1.d4 d5 2.Nf3 Nf6 3.c4 c6 4.Nbd2 g6 5.e3 Bg7 6.Be2 O-O 7.O-O Nbd7 8.b4 Re8
9.Bb2 Ne4 10.Nxe4 dxe4 11.Nd2 Nf6 12.a4 Qc7 13.h3 b6 14.Qc2 Bb7 15.a5 Rad8
16.a6 Ba8 17.c5 Nd5 18.Nxe4 Nxb4 19.Qb3 Nd5 20.Rac1 Rb8 21.Qa3 b5 22.Bd1 f5
23.Nd2 Bh6 24.Nf3 e6 25.Re1 Qc8 26.Bb3 Qd8 27.Rc2 Nf6 28.Qa2 Qe7 29.Ne5 Nd5
30.Rce2 Bg7 31.Nd3 Qf6 32.e4 fxe4 33.Rxe4 Re7 34.Qa5 Rbe8 35.Bc1 Qf5 36.Bd1 Nf6
37.R4e3 Qd5 38.Bb2 Nd7 39.Nf4 Qf5 40.Nxe6 Rxe6 41.Rxe6 Rxe6 42.Bb3 Nf8 43.Qd8 Bf6
44.Qxa8 Kg7 45.Qxa7+ Kh6 46.Bxe6 Nxe6 47.Qd7  1-0

[Event "US Amateur Team-ch East"]
[Site "Parsipanny USA"]
[Date "2009.02.16"]
[Round "5"]
[White "Kaufman,La"]
[Black "Coleman,T"]
[Result "1-0"]
[WhiteElo "2409"]
[BlackElo "2284"]

1.d4 d5 2.c4 c6 3.Nf3 Nf6 4.Qb3 dxc4 5.Qxc4 Bg4 6.Nc3 Nbd7 7.e4 Bxf3 8.gxf3 e5
9.Be3 Bd6 10.O-O-O Qc7 11.h4 exd4 12.Qxd4 Be5 13.Qd2 Nh5 14.Ne2 Rd8 15.f4 Bf6
16.Qc2 O-O 17.e5 Be7 18.Nc3 g6 19.Nd5 cxd5 20.Qxc7 Rc8 21.Qxc8 Rxc8+ 22.Kb1 Nb6
23.Be2 Ng7 24.h5 Nc4 25.hxg6 hxg6 26.Rxd5  1-0

[Event "2nd Pfalz Open"]
[Site "Neustadt an der Weinstrasse GER"]
[Date "2009.02.17"]
[Round "4"]
[White "Graf,A"]
[Black "Reinhart,E"]
[Result "1/2-1/2"]
[WhiteElo "2643"]
[BlackElo "2329"]

1.d4 d5 2.c4 c6 3.Nf3 Nf6 4.Nbd2 Bf5 5.g3 e6 6.Bg2 h6 7.O-O Be7 8.b3 O-O
9.Bb2 Nbd7 10.a3 Ne4 11.b4 a5 12.Qb3 a4 13.Qd1 b5 14.c5 Qc7 15.Ne1 Nxd2 16.Qxd2 Bg5
17.Qc3 Bf6 18.Nd3 Rfe8 19.f4 Bd8 20.Nf2 Nf6 21.Rad1 Ne4 22.Nxe4 Bxe4 23.Bxe4 dxe4
24.Qe3 f5 25.g4 Bf6 26.g5 hxg5 27.fxg5 Bd8 28.Kh1 Qd7 29.g6 Qd5 30.Qh3 Bf6
31.Bc1 Kf8 32.Qg3 Ke7 33.Qc7+  1/2-1/2

[Event "2nd Pfalz Open"]
[Site "Neustadt an der Weinstrasse GER"]
[Date "2009.02.17"]
[Round "4"]
[White "Donchenko,Alexa"]
[Black "Buhmann,R"]
[Result "1/2-1/2"]
[WhiteElo "1944"]
[BlackElo "2565"]

1.d4 d5 2.c4 dxc4 3.Nf3 c6 4.a4 Nf6 5.e3 Be6 6.Na3 Bd5 7.Nxc4 e6 8.Be2 c5
9.O-O Nc6 10.b3 cxd4 11.Nxd4 Nxd4 12.Qxd4 Be7 13.Bb2 O-O 14.Rfd1 Qc7 15.Qe5 Qxe5
16.Bxe5 Rac8 17.f3 Nd7 18.Bd4 Nc5 19.Rab1 Rfd8 20.Rdc1 f6 21.Kf2 e5 22.Bxc5 Bxc5
23.Rd1 Kf8 24.Bd3 Bf7 25.Bf5 Rb8 26.Be4 b6 27.Ke2 a6 28.Rxd8+ Rxd8 29.Bd3 Rb8
30.b4 Be7 31.e4 Be8 32.Ne3 Bxa4 33.Bxa6 Be8 34.Nd5 Bd8 35.b5 Be7 36.Nxe7 Kxe7
37.Rc1 Kd6 38.Rd1+ Kc5 39.Rc1+ Kd6 40.Rd1+ Kc7 41.Rc1+ Kd8 42.Ke3 Bd7 43.h4 Ra8
44.f4 Ra7 45.fxe5 fxe5 46.Rd1 Ke7 47.Rc1 h6 48.g3 g6 49.Rc2 Be8 50.g4 g5
51.hxg5 hxg5 52.Rh2 Rd7 53.Rh7+ Kf6 54.Rh8 Re7 55.Rh6+ Bg6 56.Rh8 Re8 57.Rh1 Rd8
58.Bb7 Rd7 59.Bd5 Rc7 60.Ra1 Rc3+ 61.Kf2 Rc8 62.Ra6 Rb8 63.Ra7 Be8 64.Bc6 Bf7
65.Bd5 Be8 66.Bc6 Bf7 67.Bd5 Be8  1/2-1/2

[Event "2nd Pfalz Open"]
[Site "Neustadt an der Weinstrasse GER"]
[Date "2009.02.17"]
[Round "4"]
[White "Epishin,V"]
[Black "Bogner,S"]
[Result "1/2-1/2"]
[WhiteElo "2587"]
[BlackElo "2467"]

1.d4 d5 2.Nf3 Nf6 3.c4 c6 4.Qb3 dxc4 5.Qxc4 Bg4 6.Nbd2 e6 7.g3 Be7 8.Bg2 O-O
9.O-O Nbd7 10.b3 Qa5 11.h3 Bf5 12.Bb2 Ne4 13.Qc1 Nxd2 14.Nxd2 Rac8 15.Rd1 Bg6
16.Nc4 Qc7 17.Qf4 Qxf4 18.gxf4 Nf6 19.e3 Be4 20.f3 Bg6 21.Ne5 Nd5 22.Kf2 Rfd8
23.Rac1 f6 24.Nd3 Bxd3 25.Rxd3 c5 26.Rcd1 cxd4 27.Bxd4 Rc2+ 28.R3d2 Rxd2+
29.Rxd2 Nxf4 30.exf4 Rxd4 31.Rxd4 Bc5 32.Ke3 e5 33.fxe5 fxe5 34.f4 exd4+
35.Kd3 b6 36.Bd5+ Kf8 37.Ke4 Ke7 38.Bg8 h6 39.Bc4 Kf6 40.a4 a5 41.Be2 Kg6
42.Bg4 Kf6 43.Kd3 Bd6 44.Kxd4 Bxf4 45.Ke4 Bd6 46.Be2 Kg5 47.Kf3 Bb8 48.Bc4 Kh4
49.Kg2 Be5 50.Bg8 g5 51.Bc4 h5 52.Bg8 g4 53.hxg4 hxg4 54.Bc4 Kg5 55.Bg8 Kf4
56.Bf7 Ke4 57.Bg8 Kd3 58.Bf7 Kc3  1/2-1/2

[Event "ch-VIE Stage1"]
[Site "Ha Noi VIE"]
[Date "2009.02.19"]
[Round "6"]
[White "Pham Hoai Nam"]
[Black "Nguyen Anh Tuan"]
[Result "1-0"]
[WhiteElo "2051"]
[BlackElo "2044"]

1.d4 d5 2.c4 c6 3.Nf3 Nf6 4.g3 Bf5 5.Nc3 e6 6.Qb3 Qc8 7.Bg2 Be7 8.O-O Nbd7
9.Nd2 O-O 10.e4 dxe4 11.Ndxe4 Nxe4 12.Nxe4 e5 13.dxe5 Nxe5 14.Bf4 Bxe4 15.Bxe4 Ng6
16.Be3 Re8 17.Bg2 a5 18.a4 Bb4 19.Qc2 Qc7 20.Rad1 Rad8 21.h4 Rxd1 22.Rxd1 Rd8
23.h5 Nf8 24.h6 Rxd1+ 25.Qxd1 Qd7 26.Qh5 gxh6 27.Qxh6 Qe6 28.Qg5+ Qg6 29.Qd8 Qb1+
30.Kh2 Qxb2 31.Bd4 Bc3 32.Bc5 Bg7 33.Qxa5 Bd4 34.Qd8 Bxc5 35.Qg5+ Kh8 36.Qxc5 Ne6
37.Qf5 Kg7 38.Be4 h6 39.Qh7+ Kf8 40.Qxh6+ Ke7 41.Qe3 Qb4 42.Qa7 Kd6 43.Bf3 Ng5
44.Qb8+ Ke6 45.Bg4+ Kf6 46.Qf4+  1-0

[Event "2nd Pfalz Open"]
[Site "Neustadt an der Weinstrasse GER"]
[Date "2009.02.21"]
[Round "8"]
[White "Epishin,V"]
[Black "Skembris,S"]
[Result "1/2-1/2"]
[WhiteElo "2587"]
[BlackElo "2413"]

1.d4 d5 2.Nf3 Nf6 3.c4 c6 4.Qb3 dxc4 5.Qxc4 Bf5 6.g3 Nbd7 7.Bg2 e6 8.O-O Be7
9.Bd2 O-O 10.Rd1 h6 11.Qc1 Qb6 12.Nc3 Rac8 13.a4 a5 14.Be1 Bb4 15.Ne5 Rfd8
16.Nc4 Qa6 17.b3 Nb6 18.Ne3 Bg6 19.Qb2 Rd7 20.Bf1 Qa7 21.Nc2 Be7 22.e3 Nbd5
23.Rdc1 Rdc7 24.Na3 Nxc3 25.Bxc3 Nd5 26.Bd2 Nb4 27.Nc4 Be4 28.Bc3 b6 29.Nd2 Bg6
30.Bxb4 Bxb4 31.Nc4 Be4 32.Qe2 b5 33.Nb2 c5 34.axb5 cxd4 35.Rxc7 Rxc7 36.exd4 Bd5
37.Nc4 Qxd4 38.Rd1 Qf6 39.Bg2 Bxc4 40.bxc4 Bc5 41.Be4 g6 42.Kg2 Kg7 43.Bc2 Ra7  1/2-1/2

[Event "ch-VIE KO"]
[Site "Ha Noi VIE"]
[Date "2009.02.25"]
[Round "2.1"]
[White "Dao Thien Hai"]
[Black "Bui Vinh"]
[Result "1/2-1/2"]
[WhiteElo "2543"]
[BlackElo "2509"]

1.d4 d5 2.c4 c6 3.Nf3 Nf6 4.Qc2 dxc4 5.Qxc4 Bf5 6.Nc3 e6 7.g3 Be7 8.Bg2 O-O
9.O-O Ne4 10.e3 Nd7 11.Qe2 Qa5 12.Bd2 Bb4 13.Rfc1 Rfe8 14.a3 Nxd2 15.Nxd2 Bxc3
16.bxc3 e5 17.a4 Rad8 18.Nc4 Qc7 19.Qb2 Bd3 20.Nd2 b6 21.Ra3 c5 22.a5 b5
23.h3 Rb8 24.c4 bxc4 25.Qa1 exd4 26.exd4 Rb4 27.Bd5 Qd6 28.Bxc4 Bxc4 29.Nxc4 Qxd4
30.Qxd4 cxd4 31.Nd6 Rd8 32.Rc7 Ne5 33.f4 d3 34.Ra1 Nf3+ 35.Kf2 Nd4 36.Rd1 f6
37.Rc8 Rxc8 38.Nxc8 Nc6 39.Rxd3 Rb8 40.Nd6 Nxa5 41.Ra3 Nc6 42.Rc3 Nd4 43.Rc7 Rd8
44.Nc4 Nb5 45.Rb7 a6 46.Ke3 Rc8 47.Kd3 h5 48.Ne3 Rd8+ 49.Ke2 Nd4+ 50.Kf2 Rd6
51.g4 hxg4 52.hxg4 Kh7 53.Kg3 Rc6 54.Rd7 Ne6 55.Nd5 Nc5 56.Ra7 Rd6 57.Ne3 Rd7
58.Ra8 Rd3 59.Kf3 Ra3 60.Ra7 a5 61.Rc7 Rc3 62.Ke2 Ne4 63.Re7 Nd6 64.Nd5 Nc8
65.Rxg7+  1/2-1/2

[Event "FSGM March"]
[Site "Budapest HUN"]
[Date "2009.03.07"]
[Round "1"]
[White "Balog,I1"]
[Black "Duong The Anh"]
[Result "1-0"]
[WhiteElo "2431"]
[BlackElo "2418"]

1.Nf3 d5 2.d4 Nf6 3.c4 c6 4.Qb3 dxc4 5.Qxc4 Bf5 6.Nc3 e6 7.g3 Nbd7 8.Bg2 Be7
9.O-O Ne4 10.e3 O-O 11.Rd1 Rc8 12.Qe2 Qb6 13.Nd2 Nxd2 14.Bxd2 Bg6 15.e4 Nf6
16.Be3 Bh5 17.f3 Rfd8 18.Kh1 Bb4 19.g4 Bg6 20.a3 Bxc3 21.bxc3 Qa5 22.Qb2 Qc7
23.Qf2 Nd7 24.c4 b6 25.Rac1 f6 26.f4 c5 27.d5 exd5 28.cxd5 Re8 29.f5 Bf7
30.g5 Qd6 31.Rg1 Kh8 32.Bf4 Ne5 33.Qh4 fxg5 34.Bxg5 c4 35.f6 c3 36.fxg7+ Kg8
37.Qg3 c2 38.Rgf1 Bg6 39.Bh6 Bf7 40.Bf4 Rc4 41.Qf2 Qc5 42.Bxe5 Qxf2 43.Rxf2 Rxe5
44.Kg1 Rg5 45.Kf1 Bg6 46.Rcxc2 Bxe4 47.Rxc4 Bd3+ 48.Ke1 Bxc4 49.d6 Re5+ 50.Kd1 Bb3+
51.Kc1 Re1+ 52.Kb2 Be6 53.Bc6 Rd1 54.Re2 Bf5 55.Re8+ Kxg7 56.d7 Bxd7 57.Re7+ Kf6
58.Rxd7 Rxd7 59.Bxd7 Ke5 60.Kc3 Kd5 61.Kb4  1-0

[Event "FSIMA March"]
[Site "Budapest HUN"]
[Date "2009.03.07"]
[Round "1"]
[White "Bacso,G"]
[Black "Corke,A"]
[Result "0-1"]
[WhiteElo "2123"]
[BlackElo "2260"]

1.d4 d5 2.c4 c6 3.Nf3 Nf6 4.Qb3 dxc4 5.Qxc4 Bf5 6.g3 Nbd7 7.Bg2 e6 8.O-O Be7
9.e3 O-O 10.Rd1 Qc7 11.Nc3 Rad8 12.Qe2 Ne4 13.Nxe4 Bxe4 14.b3 Qa5 15.Bb2 Qh5
16.Rac1 Nf6 17.Rd2 Qd5 18.Ne1 Bb4 19.Bxe4 Nxe4 20.Rdd1 Ng5 21.f3 Bxe1 22.e4 Qb5
23.Qxb5 cxb5 24.Kg2 Ba5 25.h4 Nxf3 26.Kxf3 f5 27.Rc5 fxe4+ 28.Kxe4 a6 29.Rg5 Rf2
30.Ba3 Re2+ 31.Kf3 Rxa2 32.Be7 Rd7 33.Bc5 b6 34.b4 bxc5 35.bxa5 cxd4  0-1

[Event "TCh-NED 2008-9"]
[Site "Netherlands NED"]
[Date "2009.03.07"]
[Round "6"]
[White "Landa,K"]
[Black "Siebrecht,S"]
[Result "1-0"]
[WhiteElo "2615"]
[BlackElo "2453"]

1.d4 d5 2.c4 c6 3.Nf3 Nf6 4.Qb3 g6 5.cxd5 Qxd5 6.Qa4 Bg7 7.Nc3 Qd8 8.e4 O-O
9.Be2 Nbd7 10.Qa3 c5 11.dxc5 Qc7 12.Be3 Ng4 13.Bd4 Bxd4 14.Nxd4 Ngf6 15.b4 Qf4
16.g3 Qe5 17.f4 Qb8 18.e5 Ne8 19.Bf3 Ng7 20.O-O Re8 21.Nd5 Nf8 22.c6 Nfe6
23.b5 Kf8 24.Rac1 a5 25.c7 Qa7 26.b6 Qa6 27.Be2 Nxd4 28.Bxa6 Rxa6 29.Qd3 Nc6
30.Qxa6 bxa6 31.Rxc6 Ne6 32.Rxe6 fxe6 33.Ne3  1-0

[Event "10th EICC w"]
[Site "St Petersburg RUS"]
[Date "2009.03.10"]
[Round "3"]
[White "Sorokina,A RUS"]
[Black "Guramishvili,S"]
[Result "0-1"]
[WhiteElo "2087"]
[BlackElo "2281"]

1.d4 d5 2.c4 c6 3.Nf3 Nf6 4.Qc2 dxc4 5.Qxc4 Bg4 6.Nbd2 Nbd7 7.g3 e6 8.Bg2 Be7
9.O-O O-O 10.Re1 Rc8 11.e4 Nb6 12.Qb3 c5 13.dxc5 Bxc5 14.Nf1 Bh5 15.Bf4 Qe7
16.Rad1 h6 17.a3 Ng4 18.Re2 e5 19.Bd2 Qe6 20.Qd3 Rfd8 21.Qb1 Qb3 22.Rc1 Qb5
23.Rce1 Nc4 24.Bc3 Qb6 25.Qc2 Bd4 26.h3 Nf6 27.Qa4 Bxc3 28.bxc3 Bxf3 29.Bxf3 Rd3
30.Kg2 Rxc3 31.Ne3 Nxe3+ 32.Rxe3 Rc2 33.R1e2 Rxe2 34.Bxe2 a6 35.Rb3 Qc7 36.Qb4 b5
37.a4 Qc2 38.Bd3 Qd1 39.Rc3 Rxc3 40.Qxc3 Qxa4 41.Qxe5 Qa3 42.Qd4 Qe7 43.Qb6 Qd7
44.Bc2 Qc8 45.Bd3 Nd7 46.Qd4 Qc7 47.Qa1 Nc5 48.Bc2 Qc6 49.f3 b4 50.Qd4 Ne6
51.Qd3 Qc3 52.Qe2 Nd4  0-1

[Event "FSGM March"]
[Site "Budapest HUN"]
[Date "2009.03.11"]
[Round "5"]
[White "Rapport,R"]
[Black "Galyas,M"]
[Result "0-1"]
[WhiteElo "2371"]
[BlackElo "2456"]

1.Nf3 d5 2.d4 Nf6 3.c4 c6 4.Qc2 dxc4 5.Qxc4 Bg4 6.Ne5 Be6 7.Qa4 Nbd7 8.Nc3 Nxe5
9.dxe5 Ng4 10.Qe4 Qb6 11.e3 g6 12.h3 Nh6 13.Bc4 Bxc4 14.Qxc4 Bg7 15.e4 O-O
16.O-O Qa5 17.Bf4 g5 18.Bxg5 Qxe5 19.Be3 Kh8 20.Rad1 Rg8 21.Rd7 Bf6 22.Bd4 Rxg2+
23.Kxg2 Rg8+ 24.Kf3 Qh5+ 25.Ke3 Qxh3+ 26.f3 e5 27.Bxa7 Qxd7 28.Ke2 b5 29.Qc5 Rg2+
30.Rf2 Rxf2+ 31.Qxf2 Ng8 32.Be3 Ne7 33.f4 Qg4+ 34.Kd3 exf4 35.Bxf4 Ng6 36.Be3 Ne5+
37.Kc2 Qg6 38.Kb3 Kg7 39.a4 b4 40.Ne2 Qxe4 41.Qg3+ Kf8 42.Nd4 c5 43.Bh6+ Ke7  0-1

[Event "10th EICC w"]
[Site "St Petersburg RUS"]
[Date "2009.03.11"]
[Round "4"]
[White "Kazimova,N"]
[Black "Stjazhkina,O"]
[Result "1/2-1/2"]
[WhiteElo "2165"]
[BlackElo "2280"]

1.Nf3 d5 2.d4 Nf6 3.c4 c6 4.Qc2 dxc4 5.Qxc4 Bf5 6.g3 e6 7.Bg2 Nbd7 8.Nc3 Be7
9.O-O O-O 10.e3 b5 11.Qe2 b4 12.Nb1 Rc8 13.Nbd2 Ne4 14.Rd1 Qa5 15.Nh4 Bxh4
16.Nxe4 Be7 17.Bd2 Qb6 18.h4 h6 19.Rac1 Rfd8 20.Rc4 Qb5 21.Kf1 e5 22.Rc2 Qxe2+
23.Kxe2 Bg4+ 24.f3 Be6 25.b3 f5 26.Nf2 exd4 27.exd4 Nb6 28.Rdc1 Bd5 29.Nd3 Re8
30.Kf1 a5 31.Ne5 Bf6 32.f4 Rcd8 33.Bxd5+ Nxd5 34.Rxc6 Ne7 35.R6c4 Nc8 36.Rc5 Nd6
37.Rxa5 Ne4 38.Be1 Rxd4 39.Rb5 Bxe5 40.fxe5 Rd3 41.Ke2 Red8 42.Rxb4 Nxg3+
43.Bxg3 Rxg3 44.Rf1 Rg2+ 45.Ke3 Rdd2 46.Ra4 g6 47.a3 Rge2+ 48.Kf4 Rh2 49.Ra8+ Kf7
50.Ra7+ Ke8 51.Ra8+ Kd7 52.Ra7+ Ke8 53.Ra8+ Kd7 54.Ra7+ Ke8 55.Ra8+  1/2-1/2

[Event "FSGM March"]
[Site "Budapest HUN"]
[Date "2009.03.13"]
[Round "7"]
[White "Balog,I1"]
[Black "Galyas,M"]
[Result "1-0"]
[WhiteElo "2431"]
[BlackElo "2456"]

1.d4 d5 2.c4 c6 3.Nf3 Nf6 4.Qb3 dxc4 5.Qxc4 Bg4 6.Nbd2 Nbd7 7.g3 e6 8.Bg2 Be7
9.O-O Bh5 10.b3 O-O 11.Bb2 a5 12.a3 Bg6 13.Rad1 Ne4 14.Nb1 Qb6 15.Nfd2 Ndf6
16.Nxe4 Bxe4 17.Bxe4 Nxe4 18.Qc2 Nf6 19.Nd2 Qb5 20.Nc4 Qf5 21.Qxf5 exf5 22.Rd3 Nd5
23.e3 Rfe8 24.Kg2 Bf8 25.h3 Re6 26.Rfd1 g5 27.Bc1 b5 28.Ne5 f6 29.Nf3 Bd6
30.R1d2 f4 31.exf4 gxf4 32.g4 Kf7 33.Rc2 Be7 34.Rd1 h5 35.Re1 hxg4 36.hxg4 Rc8
37.Rh1 Rg8 38.Rh7+ Kg6 39.Rh5 Kf7 40.Kh3 Ke8 41.Rh6 Kd7 42.g5 Bf8 43.Rh7+ Re7
44.Rh5 Bg7 45.g6 Ree8 46.Kg4 f5+ 47.Rxf5 Bf6 48.Rxf6 Nxf6+ 49.Kf5 Nd5 50.Ne5+ Rxe5+
51.dxe5 Ne7+ 52.Kxf4 Rxg6 53.Bd2 Rg1 54.Bxa5 Rb1 55.Bb4 Nd5+ 56.Kf5 Rxb3
57.e6+ Ke8 58.Rxc6 Nxb4 59.axb4 Rf3+ 60.Ke5 Rxf2 61.Kd6 Rd2+ 62.Kc5 Ke7 63.Kxb5  1-0

[Event "10th EICC"]
[Site "Budva MNE"]
[Date "2009.03.14"]
[Round "8"]
[White "Serov,M"]
[Black "Huzman,A"]
[Result "1/2-1/2"]
[WhiteElo "2352"]
[BlackElo "2602"]

1.d4 d5 2.c4 c6 3.Nf3 Nf6 4.Qc2 g6 5.Bf4 dxc4 6.Qxc4 Bg7 7.Nbd2 Be6 8.Qc2 Nd5
9.Bg3 O-O 10.e3 Nb4 11.Qa4 c5 12.a3 N4c6 13.dxc5 Nd7 14.Qc2 Qa5 15.Rc1 Bf5
16.e4 Bg4 17.Bc4 Bxf3 18.gxf3 Rac8 19.Kf1 Nd4 20.Qd3 Nxc5 21.Qe3 Qb6 22.b4 Nce6
23.Kg2 Rfd8 24.Bd5 Qa6 25.Nb3 Nxb3 26.Qxb3 Nd4 27.Rxc8 Rxc8 28.Bxf7+ Kf8
29.Qd5 Qb6 30.Bg8 Qf6 31.e5 Qxf3+ 32.Qxf3+ Nxf3 33.Bd5 Nxe5 34.Bxb7 Rc3 35.a4 Nd3
36.Rb1 Bd4 37.a5 e5 38.Be4 Nf4+ 39.Bxf4 exf4 40.b5 f3+ 41.Bxf3 Rc2 42.b6 axb6
43.axb6 Rxf2+ 44.Kg3 Rb2  1/2-1/2

[Event "10th EICC"]
[Site "Budva MNE"]
[Date "2009.03.14"]
[Round "8"]
[White "Vojinovic,J"]
[Black "Martinovic,Sa"]
[Result "1/2-1/2"]
[WhiteElo "2331"]
[BlackElo "2427"]

1.d4 d5 2.c4 c6 3.Nf3 Nf6 4.Qc2 e6 5.g3 dxc4 6.Qxc4 b5 7.Qc2 Bb7 8.Nbd2 Na6
9.e4 Be7 10.a3 O-O 11.b4 Nc7 12.Bg2 a5 13.bxa5 Rxa5 14.O-O Qa8 15.Nb3 Ra4
16.e5 Nd7 17.Ng5 g6 18.Qe4 h6 19.Nh3 Kg7 20.Qe3 Rh8 21.Nf4 b4 22.Nd3 Nd5
23.Bxd5 cxd5 24.Qf3 bxa3 25.Ndc5 Nxc5 26.Nxc5 Bxc5 27.dxc5 d4 28.Qf6+ Kg8
29.f4 Ba6 30.Rf2 Qd5 31.c6 a2 32.Rb2 Bb5 33.c7 Ra8 34.Raxa2 Rc8 35.Ra5 Qc4
36.Raxb5 Qxc1+ 37.Kf2 Rxc7 38.Rb8+ Rc8 39.R2b7 Qc2+ 40.Kg1 Qd1+ 41.Kg2 Qe2+  1/2-1/2

[Event "FSGM March"]
[Site "Budapest HUN"]
[Date "2009.03.15"]
[Round "9"]
[White "Balog,I1"]
[Black "Rapport,R"]
[Result "1/2-1/2"]
[WhiteElo "2431"]
[BlackElo "2371"]

1.Nf3 d5 2.d4 Nf6 3.c4 c6 4.Qb3 dxc4 5.Qxc4 Bf5 6.g3 e6 7.Bg2 Nbd7 8.O-O Be7
9.e3 O-O 10.Rd1 Ne4 11.Qe2 Qb6 12.Nc3 Rfd8 13.Nd2 Nxd2 14.Bxd2 Bg6 15.e4 Qxd4
16.h4 f6 17.Bf4 Qb6 18.e5 Nxe5 19.Bxe5 fxe5 20.h5 Bf7 21.h6 gxh6 22.Qxe5 Rxd1+
23.Rxd1 Rd8 24.Re1 Qd4 25.Qc7 Qd7 26.Qe5 Qd6 27.Qa5 Qb4 28.Qc7 Bf6 29.Re4 Rd4
30.Re2 Qb6 31.Qb8+ Rd8 32.Qf4 Bg7 33.Bh3 Qd4 34.Qf3 Qf6 35.Qe3 Qd4 36.Qf3 Qf6  1/2-1/2

[Event "10th EICC"]
[Site "Budva MNE"]
[Date "2009.03.15"]
[Round "9"]
[White "D'Costa,L"]
[Black "Kotanjian,T"]
[Result "0-1"]
[WhiteElo "2445"]
[BlackElo "2568"]

1.d4 d5 2.c4 c6 3.Nf3 Nf6 4.Qc2 e6 5.g3 dxc4 6.Qxc4 b5 7.Qc2 Bb7 8.Bg2 Nbd7
9.O-O c5 10.a4 b4 11.dxc5 Bxc5 12.Bg5 Rc8 13.Qd3 O-O 14.Nbd2 h6 15.Be3 Nd5
16.Bd4 Qb6 17.Bxc5 Nxc5 18.Qd4 Rfd8 19.Qh4 Ba6 20.Rfe1 b3 21.Nd4 Nb4 22.Rec1 Nc2
23.Nxc2 Rxd2 24.Nb4 g5 25.a5 Qb5 26.Qxh6 Qxb4 27.Qxg5+ Kf8 28.Rc3 Qd4 29.Rac1 Rd1+
30.Rxd1 Qxd1+ 31.Bf1 Ne4 32.Rxc8+ Bxc8 33.Qe5 Nd6 34.h4 Bb7 35.f3 Qd5 36.Qh8+ Ke7
37.g4 Nc4 38.g5 Qc5+ 39.Kg2 Ne3+ 40.Kf2 Nf5+ 41.Kg2 Qd6 42.Qf6+ Ke8 43.g6 Qg3+
44.Kh1 Qxg6 45.Qh8+ Ke7 46.Qb8 Ng3+ 47.Kg2 Nxe2+ 48.Kf2 Qg1+ 49.Kxe2 Ba6+
50.Kd2 Qd4+ 51.Ke1 Qe3+  0-1

[Event "Kaissa Women"]
[Site "Kharkiv UKR"]
[Date "2009.03.16"]
[Round "5"]
[White "Grapsa,G"]
[Black "Doluhanova,E"]
[Result "0-1"]
[WhiteElo "2106"]
[BlackElo "2216"]

1.d4 d5 2.Nf3 Nf6 3.c4 c6 4.Qc2 e6 5.g3 Bd6 6.Bg2 O-O 7.O-O Nbd7 8.Rd1 Qe7
9.Nc3 dxc4 10.e4 e5 11.d5 cxd5 12.exd5 a6 13.a4 Nc5 14.Nd2 Bg4 15.f3 Bh5
16.Nxc4 Bg6 17.Ne4 Nfxe4 18.fxe4 f5 19.Bg5 Qxg5 20.Nxd6 Nxe4 21.Nxe4 fxe4
22.Re1 Rac8 23.Qe2 Qf6 24.a5 Qd6 25.Rad1 Qc5+ 26.Qe3 Qxe3+ 27.Rxe3 Rc4 28.Bh3 Rd8
29.Be6+ Bf7 30.Bxf7+ Kxf7 31.Rb3 Rd7 32.Rf1+ Ke8 33.Rb6 Rc5 34.Re1 Rcxd5
35.Rxe4 Rxa5 36.Reb4 Rd2  0-1

[Event "10th EICC w"]
[Site "St Petersburg RUS"]
[Date "2009.03.16"]
[Round "8"]
[White "Botsari,A"]
[Black "Ziaziulkina,N"]
[Result "1-0"]
[WhiteElo "2289"]
[BlackElo "1950"]

1.d4 d5 2.Nf3 Nf6 3.c4 c6 4.Nbd2 Bf5 5.Nh4 Be6 6.e3 g6 7.Be2 Bg7 8.O-O O-O
9.Qc2 Nbd7 10.b3 c5 11.Bb2 Rc8 12.Rac1 Qa5 13.Bc3 Qc7 14.dxc5 Nxc5 15.cxd5 Bxd5
16.Bd4 Ne6 17.Qxc7 Rxc7 18.Rxc7 Nxc7 19.Bc5 Re8 20.Rc1 Ne6 21.Ba3 a6 22.Nc4 Ne4
23.Nb6 Bc6 24.Bb4 Nc7 25.Nf3 Nd5 26.Nxd5 Bxd5 27.Rc7 Bf6 28.g4 h6 29.Bc4 Bc6
30.Bxa6 Nd6 31.Be2 Ra8 32.a4 Ne8 33.Rxe7 Bxe7 34.Bxe7 Nc7 35.Ne5 Bd5 36.Nc4 Re8
37.Bd6 Ne6 38.Kf1 Ng5 39.Bf4 Kh7 40.Nd2 Ne6 41.Bd6 Rc8 42.Bb5 Nc5 43.b4 Ne4
44.Nxe4 Bxe4 45.Bc5 Bf3 46.Be2 Be4 47.f3 Bc6 48.a5 Kg7 49.Kf2 Kf6 50.Bd4+ Ke6
51.e4 Ba4 52.Bc5 Bb3 53.Ke3 Rd8 54.h4 Ba2 55.Bd3 Bb3 56.f4 f6 57.Bd4 Ba2
58.Bf1 Bb3 59.Bd3 Ba2 60.Bb6 Rc8 61.Bc5 Rd8 62.Be2 Bb3 63.b5 Rc8 64.Kd4 Kd7
65.e5 fxe5+ 66.fxe5 Ba4 67.Bd3 Rg8 68.e6+ Kc8 69.Ke5  1-0